The Power of Your Subconscious Mind / (Record no. 14096)
[ view plain ]
| 000 -LEADER | |
|---|---|
| fixed length control field | 00632nam a2200229 a 4500 |
| 001 - CONTROL NUMBER | |
| JCCL Control Number | 14096 |
| 003 - CONTROL NUMBER IDENTIFIER | |
| JCCL marc code | BD-JhCC |
| 005 - DATE AND TIME OF LATEST TRANSACTION | |
| control field | 20241208131643.0 |
| 008 - FIXED-LENGTH DATA ELEMENTS--GENERAL INFORMATION | |
| fixed length control field | 241208b2023 ii |||| ||a| 001 0 eng d |
| 020 ## - INTERNATIONAL STANDARD BOOK NUMBER | |
| International Standard Book Number | 9788172345662 |
| 035 ## - SYSTEM CONTROL NUMBER | |
| system control number | (BD-JhCC)14096 |
| 040 ## - CATALOGING SOURCE | |
| Original cataloging agency | BD-JhCC |
| Modifying agency | BD-JhCC |
| 041 ## - LANGUAGE CODE | |
| Language code of Book | english |
| 082 ## - DEWEY DECIMAL CLASSIFICATION NUMBER | |
| Classification number | 158.12 |
| Author mark and Year | MUR 2023 |
| 100 ## - MAIN ENTRY--PERSONAL NAME | |
| Personal name | Murphy,Joseph |
| 245 ## - TITLE STATEMENT | |
| Title | The Power of Your Subconscious Mind / |
| Statement of responsibility, etc | Dr. Joseph Murphy |
| 260 ## - PUBLICATION, DISTRIBUTION, ETC. (IMPRINT) | |
| Place of publication, distribution, etc | India: |
| Name of publisher, distributor, etc | Classics; |
| Date of publication, distribution, etc | 2023. |
| 300 ## - PHYSICAL DESCRIPTION | |
| Pagination | 256 p. : |
| Dimensions | 18 cm |
| 651 ## - SUBJECT ADDED ENTRY--GEOGRAPHIC NAME | |
| Geographic name | Meditation and mindfulness practices as part of self-help |
| Geographic subdivision | Meditation |
| 942 ## - ADDED ENTRY ELEMENTS (KOHA) | |
| Source of classification or shelving scheme | Dewey Decimal Classification |
| Koha item type | Books |
| Source of classification or shelving scheme | Damaged status | Not for loan | Home library | Current library | Shelving location | Date of accession | Source of acquisition | Cost, normal purchase price | Total Checkouts | Full call number | Barcode | Date last seen | Date checked out | Copy number | Method of acquisition | Koha item type | Currency |
|---|---|---|---|---|---|---|---|---|---|---|---|---|---|---|---|---|---|
| Dewey Decimal Classification | JCC Rouf Library | JCC Rouf Library | General Stacks | With the compliments of Maj (Retd) Syed Sakhawat Hussain,07/0388/K | 400.00 | 4 | 158.12 MUR 2023 | 19778 | 05/26/2025 | 05/25/2025 | C-1 | Gift/Donation | Books | BDT |